Como combater a corrupção em licitações : (Record no. 1047)

MARC details
000 -LÍDER
Campo Fixo de Controle 00917nam a2200265 a 4500
001 - NÚMERO DE CONTROLE
Campo de Controle 1047
003 - IDENTIFICAÇÃO DO NÚMERO DE CONTROLE
Campo de Controle BR-CuiBMT
005 - DATA E HORA DA ÚLTIMA ATUALIZAÇÃO
Campo de Controle 20231128135143.0
008 - DADOS FIXOS
Dados Fixos 231127s2018 mgba 000 0 por d
020 ## - INTERNATIONAL STANDARD BOOK NUMBER
Nº do ISBN 9788545005247
040 ## - AGÊNCIA CATALOGADORA
Código da Agência Catalogadora BR-CuiBMT
Agência que transcreveu o registro BR-CuiBMT
080 ## - Nº DA CLASSIFICAÇÃO DECIMAL UNIVERSAL
Nº edição CDU 2007
Nº Class. CDU 351.712.2.02
090 ## - NÚMERO DE CHAMADA
Nº classificação 351.712.2.02
Cutter S237c
Ano/Edição 2. ed.
100 1# - ENTRADA PRINCIPAL -- AUTOR PESSOAL
Nome pessoal Santos, Franklin Brasil
245 ## - TÍTULO PRINCIPAL
Título principal Como combater a corrupção em licitações :
Subtítulo detecção e prevenção de fraudes /
Indicação de responsabilidade Franklin Brasil Santos, Kleberson Roberto de Souza ; prefácio, Mário Vinícius Claussen Spinelli.
250 ## - EDIÇÃO
Edição 2. ed. rev. e ampl.
260 ## - PUBLICAÇÃO, DISTRIBUIÇÃO, ETC.
Local de publicação Belo Horizonte :
Editora Fórum,
Data 2018.
300 ## - DESCRIÇÃO FÍSICA
N. páginas ou volumes 170 p.:
Ilustrações il.
Dimensões 30 cm
504 ## - NOTA DE BIBLIOGRAFIA, ETC.
Nota de bibliografia Inclui bibliografia.
650 ## - ASSUNTO TÓPICO
Cabeçalho tópico ou nome geográfico Licitação pública
650 ## - ASSUNTO TÓPICO
Cabeçalho tópico ou nome geográfico Crime contra a administração pública
650 ## - ASSUNTO TÓPICO
Cabeçalho tópico ou nome geográfico Corrupção passiva
700 ## - ENTRADA SECUNDÁRIA -- NOME PESSOAL
Nome pessoal Souza, Kleberson Roberto de
942 ## - ELEMENTOS DE ENTRADA ADICIONAIS (KOHA)
Fonte de classificação ou esquema de arquivamento Classificação Decimal Universal
Tipo de item do Koha Livros
Holdings
Estado: removido Estado: perdido Fonte de classificação ou esquema de arquivamento Estado: danificado Indisponível para empréstimo Localização permanente Localização atual Data de aquisição Total Checkouts Número de Chamada completo Código de barras Date last seen Número do exemplar Preço efetivo a partir de Tipo de item (Koha)
    Classificação Decimal Universal     Biblioteca da Escola Superior de Contas do TCE/MT Biblioteca da Escola Superior de Contas do TCE/MT 27/11/2023   351.712.2.02 S237c BIBTCEMT23111171 27/11/2023 Ex. 1 27/11/2023 Livros
    Classificação Decimal Universal     Biblioteca da Escola Superior de Contas do TCE/MT Biblioteca da Escola Superior de Contas do TCE/MT 28/11/2023   351.712.2.02 S237c BIBTCEMT23111247 28/11/2023 Ex. 2 28/11/2023 Livros

Powered by Koha